000 00585nam a22001697a 4500
008 160210b xxu||||| |||| 00| 0 eng d
020 _a0803638760
100 _aTownsend Mary C.
245 _aEssentials of Psychiatric Mental Health Nursing
_bConcepts of Care in Evidenced-Based Practice
_cMary C. Townsend
250 _a6th ed.
260 _aUSA
_bF.A Davis Company
_c2014
300 _axxviii, 925p.
_bill.
650 _aPsychiatric Nursing
_vMethods
650 _aEvidence-Based Nursing
650 _aMental Disorders
942 _2lcc
_cBK
_e6th ed.
_hRC 440
_k .T69 2014 C.1
999 _c15622
_d15622